[Event "Pernambuco-ch 2020"]
[Site "Recife"]
[Date "2021.08.20"]
[Round "2.4"]
[White "Urquiza, Marcello de Albuque"]
[Black "Silva, Jamysson Bento de P"]
[Result "1-0"]
[WhiteElo "2097"]
[BlackElo "1423"]
[PlyCount "37"]
[EventDate "2021.08.20"]
[EventType "swiss"]
[EventRounds "6"]
[EventCountry "BRA"]
[SourceTitle "EXT 2023"]
[Source "ChessBase"]
[SourceDate "2022.10.05"]
[SourceVersion "1"]
[SourceVersionDate "2022.10.05"]
[SourceQuality "1"]

1. e4 e6 2. d4 d5 3. Nd2 Nc6 4. Ngf3 dxe4 5. Nxe4 Be7 6. Bd3 Nf6 7. 0-0 0-0 8. c3 b6 9. Nxf6+ Bxf6 10. Qe2 a5 11. Qe4 g6 12. Qxc6 Bd7 13. Qe4 Rc8 14. Bh6 Re8 15. Rad1 c5 16. dxc5 Rxc5 17. Bc2 Qc7 18. Qf4 Qd8 19. Rxd7 1-0